[Event "7th Arber Senior Cup"]
[Site "chess24.com"]
[Date "2019.07.27"]
[Round "1"]
[White "Bock, Ortwin"]
[Black "Pisz, Bretislav"]
[Result "0-1"]
[Board "29"]
[WhiteElo "1938"]
[WhiteTeam "SK Landshut"]
[WhiteCountry "GER"]
[WhiteFideId "24665240"]
[WhiteEloChange "-18"]
[BlackElo "1599"]
[BlackTeam "TSCHECHIEN"]
[BlackCountry "CZE"]
[BlackFideId "341398"]
[BlackEloChange "18"]

1. Nc3 {[%clk 2:10:30]} c5 {[%clk 2:10:30]} 2. Nf3 {[%clk 2:10:30]} Nc6 {[%clk
2:10:30]} 3. d4 {[%clk 2:10:30]} cxd4 {[%clk 2:10:30]} 4. Nxd4 {[%clk 2:10:30]}
g6 {[%clk 2:10:30]} 5. e4 {[%clk 2:10:30]} Bg7 {[%clk 2:10:30]} 6. Be3 {[%clk
2:10:30]} Qa5 {[%clk 2:10:30]} 7. Qd2 {[%clk 2:10:30]} Qb4 {[%clk 2:10:30]} 8. a3
{[%clk 2:10:30]} Qxb2 {[%clk 2:10:30]} 9. Ra2 {[%clk 2:10:30]} Qb6 {[%clk
2:10:30]} 10. Nb3 {[%clk 2:10:30]} Qd8 {[%clk 2:10:30]} 11. Be2 {[%clk 2:10:30]}
d6 {[%clk 2:10:30]} 12. O-O {[%clk 2:10:30]} Nf6 {[%clk 2:10:30]} 13. f3 {[%clk
2:10:30]} O-O {[%clk 2:10:30]} 14. Nd4 {[%clk 2:10:30]} Qa5 {[%clk 2:10:30]} 15.
Rd1 {[%clk 2:10:30]} Bd7 {[%clk 2:10:30]} 16. Nxc6 {[%clk 2:10:30]} Bxc6 {[%clk
2:10:30]} 17. Nd5 {[%clk 2:10:30]} Qd8 {[%clk 2:10:30]} 18. c4 {[%clk 2:10:30]}
Nxd5 {[%clk 2:10:30]} 19. cxd5 {[%clk 2:10:30]} Ba4 {[%clk 2:10:30]} 20. Rb1
{[%clk 2:10:30]} Qd7 {[%clk 2:10:30]} 21. Bd4 {[%clk 2:10:30]} Bxd4+ {[%clk
2:10:30]} 22. Qxd4 {[%clk 2:10:30]} Rfc8 {[%clk 2:10:30]} 23. Rab2 {[%clk
2:10:30]} b5 {[%clk 2:10:30]} 24. Kf2 {[%clk 2:10:30]} a6 {[%clk 2:10:30]} 25.
Bd3 {[%clk 2:10:30]} Qa7 {[%clk 2:10:30]} 26. Qxa7 {[%clk 2:10:30]} Rxa7 {[%clk
2:10:30]} 27. Ke2 {[%clk 2:10:30]} Rc3 {[%clk 2:10:30]} 28. Ra1 {[%clk 2:10:30]}
Rac7 {[%clk 2:10:30]} 29. Kd2 {[%clk 2:10:30]} Kg7 {[%clk 2:10:30]} 30. h4 {[%clk
2:10:30]} Kf6 {[%clk 2:10:30]} 31. f4 {[%clk 2:10:30]} h6 {[%clk 2:10:30]} 32. g4
{[%clk 2:10:30]} g5 {[%clk 2:10:30]} 33. hxg5+ {[%clk 2:10:30]} hxg5 {[%clk
2:10:30]} 34. fxg5+ {[%clk 2:10:30]} Kxg5 {[%clk 2:10:30]} 35. Rf1 {[%clk
2:10:30]} f6 {[%clk 2:10:30]} 36. Rf5+ {[%clk 2:10:30]} Kg6 {[%clk 2:10:30]} 37.
Rh5 {[%clk 2:10:30]} Kf7 {[%clk 2:10:30]} 38. g5 {[%clk 2:10:30]} Kg6 {[%clk
2:10:30]} 39. Rh3 {[%clk 2:10:30]} Rxa3 {[%clk 2:10:30]} 40. gxf6 {[%clk
2:10:30]} Kxf6 {[%clk 2:10:30]} 41. Rf3+ {[%clk 2:10:30]} Kg7 {[%clk 2:10:30]}
42. e5 {[%clk 2:10:30]} dxe5 {[%clk 2:10:30]} 43. Rg3+ {[%clk 2:10:30]} Kf6
{[%clk 2:10:30]} 44. Rg6+ {[%clk 2:10:30]} Kf7 {[%clk 2:10:30]} 45. Rc6 {[%clk
2:10:30]} Rd7 {[%clk 2:10:30]} 46. Bg6+ {[%clk 2:10:30]} Kg7 {[%clk 2:10:30]} 47.
Be4 {[%clk 2:10:30]} Rg3 {[%clk 2:10:30]} 48. Rb1 {[%clk 2:10:30]} Bb3 {[%clk
2:10:30]} 49. Rh1 {[%clk 2:10:30]} Rxd5+ {[%clk 2:10:30]} 50. Ke2 {[%clk
2:10:30]} Rd6 {[%clk 2:10:30]} 51. Rh7+ {[%clk 2:10:30]} Kf6 {[%clk 2:10:30]} 52.
Rh6+ {[%clk 2:10:30]} Kg5 {[%clk 2:10:30]} 53. Rhxd6 {[%clk 2:10:30]} exd6 {[%clk
2:10:30]} 54. Rxd6 {[%clk 2:10:30]} Kf4 {[%clk 2:10:30]} 55. Bb7 {[%clk 2:10:30]}
Bc4+ {[%clk 2:10:30]} 56. Kf2 {[%clk 2:10:30]} Ra3 {[%clk 2:10:30]} 57. Rxa6
{[%clk 2:10:30]} Rxa6 {[%clk 2:10:30]} 58. Bxa6 {[%clk 2:10:30]} Ke4 {[%clk
2:10:30]} 59. Bb7+ {[%clk 2:10:30]} Kd3 {[%clk 2:10:30]} 60. Kf3 {[%clk 2:10:30]}
b4 {[%clk 2:10:30]} 61. Be4+ {[%clk 2:10:30]} Kc3 {[%clk 2:10:30]} 0-1

[Event "7th Arber Senior Cup"]
[Site "chess24.com"]
[Date "2019.07.27"]
[Round "1"]
[White "Gottwald, Helmut"]
[Black "Meul, Willi"]
[Result "1/2-1/2"]
[Board "30"]
[WhiteElo "1579"]
[WhiteTeam "vereinslos"]
[WhiteCountry "GER"]
[WhiteFideId "24631264"]
[WhiteEloChange "7"]
[BlackElo "1904"]
[BlackTeam "SV H�rth-Berrenrath"]
[BlackCountry "GER"]
[BlackFideId "24621978"]
[BlackEloChange "-7"]

1. Nf3 {[%clk 2:10:30]} Nf6 {[%clk 2:10:30]} 2. c4 {[%clk 2:10:30]} e6 {[%clk
2:10:30]} 3. Nc3 {[%clk 2:10:30]} d5 {[%clk 2:10:30]} 4. cxd5 {[%clk 2:10:30]}
exd5 {[%clk 2:10:30]} 5. d4 {[%clk 2:10:30]} c6 {[%clk 2:10:30]} 6. e3 {[%clk
2:10:30]} Bd6 {[%clk 2:10:30]} 7. Be2 {[%clk 2:10:30]} O-O {[%clk 2:10:30]} 8. h3
{[%clk 2:10:30]} Re8 {[%clk 2:10:30]} 9. O-O {[%clk 2:10:30]} Bf5 {[%clk
2:10:30]} 10. Bd2 {[%clk 2:10:30]} Nbd7 {[%clk 2:10:30]} 11. Ne1 {[%clk 2:10:30]}
Nf8 {[%clk 2:10:30]} 12. Bd3 {[%clk 2:10:30]} Qd7 {[%clk 2:10:30]} 13. Bxf5
{[%clk 2:10:30]} Qxf5 {[%clk 2:10:30]} 14. Qc2 {[%clk 2:10:30]} Qe6 {[%clk
2:10:30]} 15. Nf3 {[%clk 2:10:30]} h6 {[%clk 2:10:30]} 16. Rfe1 {[%clk 2:10:30]}
Ng6 {[%clk 2:10:30]} 17. Ne2 {[%clk 2:10:30]} Ne4 {[%clk 2:10:30]} 18. Nf4 {[%clk
2:10:30]} Nxf4 {[%clk 2:10:30]} 19. exf4 {[%clk 2:10:30]} Qf6 {[%clk 2:10:30]}
20. g3 {[%clk 2:10:30]} Re7 {[%clk 2:10:30]} 21. a3 {[%clk 2:10:30]} Rae8 {[%clk
2:10:30]} 22. Kg2 {[%clk 2:10:30]} a6 {[%clk 2:10:30]} 23. Be3 {[%clk 2:10:30]}
Bc7 {[%clk 2:10:30]} 24. Ne5 {[%clk 2:10:30]} Nd6 {[%clk 2:10:30]} 25. Rad1
{[%clk 2:10:30]} Nf5 {[%clk 2:10:30]} 26. Qc3 {[%clk 2:10:30]} g6 {[%clk
2:10:30]} 27. Bc1 {[%clk 2:10:30]} Kg7 {[%clk 2:10:30]} 28. Nd7 {[%clk 2:10:30]}
Qd6 {[%clk 2:10:30]} 29. Rxe7 {[%clk 2:10:30]} Rxe7 {[%clk 2:10:30]} 30. Nc5
{[%clk 2:10:30]} Bb6 {[%clk 2:10:30]} 31. Qb4 {[%clk 2:10:30]} Bxc5 {[%clk
2:10:30]} 32. dxc5 {[%clk 2:10:30]} Qe6 {[%clk 2:10:30]} 33. Qc3+ {[%clk
2:10:30]} f6 {[%clk 2:10:30]} 34. Be3 {[%clk 2:10:30]} Qe4+ {[%clk 2:10:30]} 35.
Kg1 {[%clk 2:10:30]} Nxg3 {[%clk 2:10:30]} 36. fxg3 {[%clk 2:10:30]} Qxe3+ {[%clk
2:10:30]} 37. Qxe3 {[%clk 2:10:30]} Rxe3 {[%clk 2:10:30]} 38. Kf2 {[%clk
2:10:30]} Re4 {[%clk 2:10:30]} 39. Kf3 {[%clk 2:10:30]} Kf7 {[%clk 2:10:30]} 40.
Rd3 {[%clk 2:10:30]} f5 {[%clk 2:10:30]} 41. g4 {[%clk 2:10:30]} Kf6 {[%clk
2:10:30]} 42. h4 {[%clk 2:10:30]} fxg4+ {[%clk 2:10:30]} 43. Kxg4 {[%clk
2:10:30]} h5+ {[%clk 2:10:30]} 44. Kf3 {[%clk 2:10:30]} Kf5 {[%clk 2:10:30]} 45.
Rb3 {[%clk 2:10:30]} Rxf4+ {[%clk 2:10:30]} 46. Kg3 {[%clk 2:10:30]} Rg4+ {[%clk
2:10:30]} 47. Kh3 {[%clk 2:10:30]} Rc4 {[%clk 2:10:30]} 48. Rxb7 {[%clk 2:10:30]}
Rxc5 {[%clk 2:10:30]} 49. Rf7+ {[%clk 2:10:30]} Ke6 {[%clk 2:10:30]} 50. Rg7
{[%clk 2:10:30]} Kf6 {[%clk 2:10:30]} 51. Rd7 {[%clk 2:10:30]} Rc2 {[%clk
2:10:30]} 52. Rd6+ {[%clk 2:10:30]} Kf5 {[%clk 2:10:30]} 53. b4 {[%clk 2:10:30]}
Rc3+ {[%clk 2:10:30]} 54. Kg2 {[%clk 2:10:30]} g5 {[%clk 2:10:30]} 55. hxg5
{[%clk 2:10:30]} Kxg5 {[%clk 2:10:30]} 56. a4 {[%clk 2:10:30]} h4 {[%clk
2:10:30]} 57. b5 {[%clk 2:10:30]} axb5 {[%clk 2:10:30]} 58. axb5 {[%clk 2:10:30]}
Kg4 {[%clk 2:10:30]} 59. bxc6 {[%clk 2:10:30]} Rc2+ {[%clk 2:10:30]} 60. Kg1
{[%clk 2:10:30]} Kf4 {[%clk 2:10:30]} 1/2-1/2

[Event "7th Arber Senior Cup"]
[Site "chess24.com"]
[Date "2019.07.27"]
[Round "1"]
[White "Mahnke, Ralf, Dr."]
[Black "Glatz, Volker"]
[Result "1-0"]
[Board "31"]
[WhiteElo "1925"]
[WhiteTeam "SC Nidderau"]
[WhiteCountry "GER"]
[WhiteFideId "24691763"]
[WhiteEloChange "2"]
[BlackElo "1515"]
[BlackTeam "SC Bayerwald"]
[BlackCountry "GER"]
[BlackFideId "12973645"]
[BlackEloChange "-2"]

1. d4 {[%clk 2:10:30]} Nf6 {[%clk 2:10:30]} 2. c4 {[%clk 2:10:30]} e6 {[%clk
2:10:30]} 3. Nc3 {[%clk 2:10:30]} Bb4 {[%clk 2:10:30]} 4. Nf3 {[%clk 2:10:30]}
O-O {[%clk 2:10:30]} 5. Bg5 {[%clk 2:10:30]} d5 {[%clk 2:10:30]} 6. e3 {[%clk
2:10:30]} Nbd7 {[%clk 2:10:30]} 7. Be2 {[%clk 2:10:30]} c6 {[%clk 2:10:30]} 8.
O-O {[%clk 2:10:30]} Be7 {[%clk 2:10:30]} 9. Rc1 {[%clk 2:10:30]} h6 {[%clk
2:10:30]} 10. Bh4 {[%clk 2:10:30]} a6 {[%clk 2:10:30]} 11. c5 {[%clk 2:10:30]}
Re8 {[%clk 2:10:30]} 12. Bg3 {[%clk 2:10:30]} Nh5 {[%clk 2:10:30]} 13. Be5 {[%clk
2:10:30]} Nhf6 {[%clk 2:10:30]} 14. Bd3 {[%clk 2:10:30]} Nf8 {[%clk 2:10:30]} 15.
Nd2 {[%clk 2:10:30]} N6d7 {[%clk 2:10:30]} 16. Bg3 {[%clk 2:10:30]} Bh4 {[%clk
2:10:30]} 17. Qh5 {[%clk 2:10:30]} Bxg3 {[%clk 2:10:30]} 18. fxg3 {[%clk
2:10:30]} Nf6 {[%clk 2:10:30]} 19. Qe2 {[%clk 2:10:30]} e5 {[%clk 2:10:30]} 20.
Qf2 {[%clk 2:10:30]} e4 {[%clk 2:10:30]} 21. Be2 {[%clk 2:10:30]} Qe7 {[%clk
2:10:30]} 22. h3 {[%clk 2:10:30]} N8h7 {[%clk 2:10:30]} 23. g4 {[%clk 2:10:30]}
g5 {[%clk 2:10:30]} 24. Qg3 {[%clk 2:10:30]} Be6 {[%clk 2:10:30]} 25. Rf2 {[%clk
2:10:30]} Nd7 {[%clk 2:10:30]} 26. Qc7 {[%clk 2:10:30]} Rab8 {[%clk 2:10:30]} 27.
Nf1 {[%clk 2:10:30]} Rec8 {[%clk 2:10:30]} 28. Qa5 {[%clk 2:10:30]} Rf8 {[%clk
2:10:30]} 29. Ng3 {[%clk 2:10:30]} Nhf6 {[%clk 2:10:30]} 30. Rcf1 {[%clk
2:10:30]} Kg7 {[%clk 2:10:30]} 31. Bd1 {[%clk 2:10:30]} Qe8 {[%clk 2:10:30]} 32.
Nce2 {[%clk 2:10:30]} Qc8 {[%clk 2:10:30]} 33. Nf5+ {[%clk 2:10:30]} Bxf5 {[%clk
2:10:30]} 34. Rxf5 {[%clk 2:10:30]} b6 {[%clk 2:10:30]} 35. cxb6 {[%clk 2:10:30]}
Rxb6 {[%clk 2:10:30]} 36. b3 {[%clk 2:10:30]} Rb5 {[%clk 2:10:30]} 37. Qe1 {[%clk
2:10:30]} Qd8 {[%clk 2:10:30]} 38. Qf2 {[%clk 2:10:30]} Qe7 {[%clk 2:10:30]} 39.
Ng3 {[%clk 2:10:30]} Rb7 {[%clk 2:10:30]} 40. Rxg5+ {[%clk 2:10:30]} hxg5 {[%clk
2:10:30]} 41. Nf5+ {[%clk 2:10:30]} 1-0

[Event "7th Arber Senior Cup"]
[Site "chess24.com"]
[Date "2019.07.27"]
[Round "1"]
[White "Luebbers, Doris, Dr."]
[Black "Wittkugel, Friedhelm"]
[Result "1/2-1/2"]
[Board "32"]
[WhiteElo "1514"]
[WhiteTeam "SF Taunus"]
[WhiteCountry "GER"]
[WhiteFideId "24630080"]
[WhiteEloChange "8"]
[BlackElo "1920"]
[BlackTeam "SV Kamen"]
[BlackCountry "GER"]
[BlackFideId "24606162"]
[BlackEloChange "-8"]

1. d4 {[%clk 2:10:30]} d5 {[%clk 2:10:30]} 2. Nf3 {[%clk 2:10:30]} c6 {[%clk
2:10:30]} 3. g3 {[%clk 2:10:30]} f5 {[%clk 2:10:30]} 4. Bg2 {[%clk 2:10:30]} Nf6
{[%clk 2:10:30]} 5. b3 {[%clk 2:10:30]} e6 {[%clk 2:10:30]} 6. Bb2 {[%clk
2:10:30]} Nbd7 {[%clk 2:10:30]} 7. Nbd2 {[%clk 2:10:30]} Bd6 {[%clk 2:10:30]} 8.
O-O {[%clk 2:10:30]} O-O {[%clk 2:10:30]} 9. c4 {[%clk 2:10:30]} Ne4 {[%clk
2:10:30]} 10. Ne5 {[%clk 2:10:30]} Qf6 {[%clk 2:10:30]} 11. f4 {[%clk 2:10:30]}
g5 {[%clk 2:10:30]} 12. fxg5 {[%clk 2:10:30]} Qxg5 {[%clk 2:10:30]} 13. Rf4
{[%clk 2:10:30]} Nxe5 {[%clk 2:10:30]} 14. dxe5 {[%clk 2:10:30]} Bc5+ {[%clk
2:10:30]} 15. Kf1 {[%clk 2:10:30]} Qh6 {[%clk 2:10:30]} 16. Nf3 {[%clk 2:10:30]}
Bd7 {[%clk 2:10:30]} 17. Bd4 {[%clk 2:10:30]} Be7 {[%clk 2:10:30]} 18. Bg1 {[%clk
2:10:30]} Rf7 {[%clk 2:10:30]} 19. e3 {[%clk 2:10:30]} Rg7 {[%clk 2:10:30]} 20.
Qe1 {[%clk 2:10:30]} Rf8 {[%clk 2:10:30]} 21. Rc1 {[%clk 2:10:30]} Rg4 {[%clk
2:10:30]} 22. Rc2 {[%clk 2:10:30]} Qg7 {[%clk 2:10:30]} 23. Qa1 {[%clk 2:10:30]}
Bg5 {[%clk 2:10:30]} 24. Nxg5 {[%clk 2:10:30]} Nxg5 {[%clk 2:10:30]} 25. Qd4
{[%clk 2:10:30]} b6 {[%clk 2:10:30]} 26. Rcf2 {[%clk 2:10:30]} Nf7 {[%clk
2:10:30]} 27. Rxg4 {[%clk 2:10:30]} fxg4 {[%clk 2:10:30]} 28. Rf6 {[%clk
2:10:30]} Qg5 {[%clk 2:10:30]} 29. Qf4 {[%clk 2:10:30]} Qxe5 {[%clk 2:10:30]} 30.
Qxg4+ {[%clk 2:10:30]} Kh8 {[%clk 2:10:30]} 31. Qd4 {[%clk 2:10:30]} Qxd4 {[%clk
2:10:30]} 32. exd4 {[%clk 2:10:30]} Kg7 {[%clk 2:10:30]} 33. Rf4 {[%clk 2:10:30]}
dxc4 {[%clk 2:10:30]} 34. bxc4 {[%clk 2:10:30]} Nd6 {[%clk 2:10:30]} 35. Rxf8
{[%clk 2:10:30]} Kxf8 {[%clk 2:10:30]} 36. c5 {[%clk 2:10:30]} Nc8 {[%clk
2:10:30]} 37. Ke2 {[%clk 2:10:30]} b5 {[%clk 2:10:30]} 38. Be4 {[%clk 2:10:30]}
Kg8 {[%clk 2:10:30]} 39. h4 {[%clk 2:10:30]} a5 {[%clk 2:10:30]} 40. Be3 {[%clk
2:10:30]} Ne7 {[%clk 2:10:30]} 41. h5 {[%clk 2:10:30]} Nf5 {[%clk 2:10:30]} 42.
Bf2 {[%clk 2:10:30]} Nh6 {[%clk 2:10:30]} 43. Be3 {[%clk 2:10:30]} Nf7 {[%clk
2:10:30]} 44. h6 {[%clk 2:10:30]} e5 {[%clk 2:10:30]} 45. Kd3 {[%clk 2:10:30]} b4
{[%clk 2:10:30]} 46. dxe5 {[%clk 2:10:30]} Nxe5+ {[%clk 2:10:30]} 1/2-1/2

[Event "7th Arber Senior Cup"]
[Site "chess24.com"]
[Date "2019.07.27"]
[Round "1"]
[White "Ketzscher, Roland"]
[Black "Braeu, Emmi"]
[Result "1-0"]
[Board "33"]
[WhiteElo "1917"]
[WhiteTeam "USG Chemnitz"]
[WhiteCountry "GER"]
[WhiteFideId "4652754"]
[WhiteEloChange "2"]
[BlackElo "1477"]
[BlackTeam "SK Marktoberdorf"]
[BlackCountry "GER"]
[BlackFideId "24646946"]
[BlackEloChange "-2"]

1. d4 {[%clk 2:10:30]} c5 {[%clk 2:10:30]} 2. e3 {[%clk 2:10:30]} Nf6 {[%clk
2:10:30]} 3. Nf3 {[%clk 2:10:30]} d5 {[%clk 2:10:30]} 4. Be2 {[%clk 2:10:30]} Nc6
{[%clk 2:10:30]} 5. O-O {[%clk 2:10:30]} e6 {[%clk 2:10:30]} 6. c3 {[%clk
2:10:30]} Be7 {[%clk 2:10:30]} 7. b3 {[%clk 2:10:30]} O-O {[%clk 2:10:30]} 8. Bb2
{[%clk 2:10:30]} Rb8 {[%clk 2:10:30]} 9. dxc5 {[%clk 2:10:30]} Bxc5 {[%clk
2:10:30]} 10. c4 {[%clk 2:10:30]} dxc4 {[%clk 2:10:30]} 11. Qxd8 {[%clk 2:10:30]}
Rxd8 {[%clk 2:10:30]} 12. Bxf6 {[%clk 2:10:30]} gxf6 {[%clk 2:10:30]} 13. Bxc4
{[%clk 2:10:30]} Ne5 {[%clk 2:10:30]} 14. Nxe5 {[%clk 2:10:30]} fxe5 {[%clk
2:10:30]} 15. Nc3 {[%clk 2:10:30]} a6 {[%clk 2:10:30]} 16. Rfd1 {[%clk 2:10:30]}
Bd7 {[%clk 2:10:30]} 17. Ne4 {[%clk 2:10:30]} Be7 {[%clk 2:10:30]} 18. Be2 {[%clk
2:10:30]} Bc6 {[%clk 2:10:30]} 19. Nd2 {[%clk 2:10:30]} b5 {[%clk 2:10:30]} 20.
Rac1 {[%clk 2:10:30]} Rb6 {[%clk 2:10:30]} 21. Bf3 {[%clk 2:10:30]} Bxf3 {[%clk
2:10:30]} 22. Nxf3 {[%clk 2:10:30]} Rbd6 {[%clk 2:10:30]} 23. Rxd6 {[%clk
2:10:30]} Rxd6 {[%clk 2:10:30]} 24. e4 {[%clk 2:10:30]} Bf6 {[%clk 2:10:30]} 25.
Kf1 {[%clk 2:10:30]} Kf8 {[%clk 2:10:30]} 26. Ke2 {[%clk 2:10:30]} Ke7 {[%clk
2:10:30]} 27. Rc5 {[%clk 2:10:30]} Kd7 {[%clk 2:10:30]} 28. g4 {[%clk 2:10:30]}
h6 {[%clk 2:10:30]} 29. h4 {[%clk 2:10:30]} b4 {[%clk 2:10:30]} 30. Nxe5+ {[%clk
2:10:30]} Bxe5 {[%clk 2:10:30]} 31. Rxe5 {[%clk 2:10:30]} Rc6 {[%clk 2:10:30]}
32. Ra5 {[%clk 2:10:30]} f6 {[%clk 2:10:30]} 33. Kf3 {[%clk 2:10:30]} Kc7 {[%clk
2:10:30]} 34. Rh5 {[%clk 2:10:30]} e5 {[%clk 2:10:30]} 35. Rxh6 {[%clk 2:10:30]}
Rc3+ {[%clk 2:10:30]} 36. Kg2 {[%clk 2:10:30]} Rc6 {[%clk 2:10:30]} 37. g5 {[%clk
2:10:30]} fxg5 {[%clk 2:10:30]} 38. hxg5 {[%clk 2:10:30]} 1-0

[Event "7th Arber Senior Cup"]
[Site "chess24.com"]
[Date "2019.07.27"]
[Round "1"]
[White "Gaedt, Mario"]
[Black "Hilbig, Dieter"]
[Result "0-1"]
[Board "34"]
[WhiteElo "1502"]
[WhiteTeam "SV Bergen"]
[WhiteCountry "GER"]
[WhiteFideId "12970352"]
[WhiteEloChange "-2"]
[BlackElo "1943"]
[BlackTeam "ESV Gera"]
[BlackCountry "GER"]
[BlackFideId "24642851"]
[BlackEloChange "2"]

1. d4 {[%clk 2:10:30]} d5 {[%clk 2:10:30]} 2. Nf3 {[%clk 2:10:30]} Nf6 {[%clk
2:10:30]} 3. c4 {[%clk 2:10:30]} e6 {[%clk 2:10:30]} 4. Nc3 {[%clk 2:10:30]} Be7
{[%clk 2:10:30]} 5. cxd5 {[%clk 2:10:30]} exd5 {[%clk 2:10:30]} 6. h3 {[%clk
2:10:30]} Bf5 {[%clk 2:10:30]} 7. Bf4 {[%clk 2:10:30]} c6 {[%clk 2:10:30]} 8. e3
{[%clk 2:10:30]} Qb6 {[%clk 2:10:30]} 9. Qb3 {[%clk 2:10:30]} Qxb3 {[%clk
2:10:30]} 10. axb3 {[%clk 2:10:30]} Nbd7 {[%clk 2:10:30]} 11. Nh4 {[%clk
2:10:30]} Bc2 {[%clk 2:10:30]} 12. Be2 {[%clk 2:10:30]} Ne4 {[%clk 2:10:30]} 13.
Nf5 {[%clk 2:10:30]} Nxc3 {[%clk 2:10:30]} 14. bxc3 {[%clk 2:10:30]} Bxf5 {[%clk
2:10:30]} 15. O-O {[%clk 2:10:30]} O-O {[%clk 2:10:30]} 16. Rfe1 {[%clk 2:10:30]}
Nf6 {[%clk 2:10:30]} 17. Bf3 {[%clk 2:10:30]} Be4 {[%clk 2:10:30]} 18. Bd1 {[%clk
2:10:30]} Rfe8 {[%clk 2:10:30]} 19. f3 {[%clk 2:10:30]} Bd3 {[%clk 2:10:30]} 20.
Ra2 {[%clk 2:10:30]} Nh5 {[%clk 2:10:30]} 21. Bh2 {[%clk 2:10:30]} Bh4 {[%clk
2:10:30]} 22. g3 {[%clk 2:10:30]} Nxg3 {[%clk 2:10:30]} 23. Kg2 {[%clk 2:10:30]}
Nf5 {[%clk 2:10:30]} 24. Rh1 {[%clk 2:10:30]} Nxe3+ {[%clk 2:10:30]} 0-1

[Event "7th Arber Senior Cup"]
[Site "chess24.com"]
[Date "2019.07.27"]
[Round "1"]
[White "Riedl, Maximilian"]
[Black "Krejci, Zdenek"]
[Result "1-0"]
[Board "35"]
[WhiteElo "1905"]
[WhiteTeam "SC Furth Waldm�nchen"]
[WhiteCountry "GER"]
[WhiteFideId "4663063"]
[WhiteEloChange "2"]
[BlackElo "1432"]
[BlackTeam "TSCHECHIEN"]
[BlackCountry "CZE"]
[BlackFideId "335495"]
[BlackEloChange "-2"]

1. e4 {[%clk 2:10:30]} e5 {[%clk 2:10:30]} 2. f4 {[%clk 2:10:30]} Nc6 {[%clk
2:10:30]} 3. Nf3 {[%clk 2:10:30]} exf4 {[%clk 2:10:30]} 4. d4 {[%clk 2:10:30]}
Bd6 {[%clk 2:10:30]} 5. Bc4 {[%clk 2:10:30]} Qe7 {[%clk 2:10:30]} 6. O-O {[%clk
2:10:30]} Nh6 {[%clk 2:10:30]} 7. e5 {[%clk 2:10:30]} Bb4 {[%clk 2:10:30]} 8. c3
{[%clk 2:10:30]} Ba5 {[%clk 2:10:30]} 9. Bxf4 {[%clk 2:10:30]} O-O {[%clk
2:10:30]} 10. Bxh6 {[%clk 2:10:30]} gxh6 {[%clk 2:10:30]} 11. Nbd2 {[%clk
2:10:30]} Bb6 {[%clk 2:10:30]} 12. Kh1 {[%clk 2:10:30]} Na5 {[%clk 2:10:30]} 13.
Bd3 {[%clk 2:10:30]} Qe6 {[%clk 2:10:30]} 14. Ne4 {[%clk 2:10:30]} Kg7 {[%clk
2:10:30]} 15. Nf6 {[%clk 2:10:30]} Rh8 {[%clk 2:10:30]} 16. d5 {[%clk 2:10:30]}
Qe7 {[%clk 2:10:30]} 17. b4 {[%clk 2:10:30]} d6 {[%clk 2:10:30]} 18. Nh5+ {[%clk
2:10:30]} Kf8 {[%clk 2:10:30]} 19. e6 {[%clk 2:10:30]} f6 {[%clk 2:10:30]} 20.
Nxf6 {[%clk 2:10:30]} Qxf6 {[%clk 2:10:30]} 21. Nd4 {[%clk 2:10:30]} Bxd4 {[%clk
2:10:30]} 22. cxd4 {[%clk 2:10:30]} Ke7 {[%clk 2:10:30]} 23. Rxf6 {[%clk
2:10:30]} Kxf6 {[%clk 2:10:30]} 24. Qf3+ {[%clk 2:10:30]} Ke7 {[%clk 2:10:30]}
25. Qf7+ {[%clk 2:10:30]} Kd8 {[%clk 2:10:30]} 26. e7+ {[%clk 2:10:30]} 1-0

[Event "7th Arber Senior Cup"]
[Site "chess24.com"]
[Date "2019.07.27"]
[Round "1"]
[White "Barnowski, Roman"]
[Black "Supplieth, Peter"]
[Result "0-1"]
[Board "36"]
[WhiteElo "1459"]
[WhiteTeam "SW N�rnberg S�d"]
[WhiteCountry "GER"]
[WhiteFideId "16255240"]
[WhiteEloChange "-2"]
[BlackElo "1880"]
[BlackTeam "SC Kevelaer"]
[BlackCountry "GER"]
[BlackFideId "4652096"]
[BlackEloChange "2"]

1. Nf3 {[%clk 2:10:30]} d5 {[%clk 2:10:30]} 2. c4 {[%clk 2:10:30]} c6 {[%clk
2:10:30]} 3. e3 {[%clk 2:10:30]} Nf6 {[%clk 2:10:30]} 4. d4 {[%clk 2:10:30]} Bg4
{[%clk 2:10:30]} 5. Nc3 {[%clk 2:10:30]} e6 {[%clk 2:10:30]} 6. a3 {[%clk
2:10:30]} Nbd7 {[%clk 2:10:30]} 7. cxd5 {[%clk 2:10:30]} cxd5 {[%clk 2:10:30]} 8.
Be2 {[%clk 2:10:30]} Be7 {[%clk 2:10:30]} 9. O-O {[%clk 2:10:30]} O-O {[%clk
2:10:30]} 10. b4 {[%clk 2:10:30]} Rc8 {[%clk 2:10:30]} 11. Bb2 {[%clk 2:10:30]}
Nb6 {[%clk 2:10:30]} 12. Ne5 {[%clk 2:10:30]} Bf5 {[%clk 2:10:30]} 13. Rc1 {[%clk
2:10:30]} Nfd7 {[%clk 2:10:30]} 14. Nxd7 {[%clk 2:10:30]} Qxd7 {[%clk 2:10:30]}
15. Bd3 {[%clk 2:10:30]} Bxd3 {[%clk 2:10:30]} 16. Qxd3 {[%clk 2:10:30]} Nc4
{[%clk 2:10:30]} 17. Qe2 {[%clk 2:10:30]} f5 {[%clk 2:10:30]} 18. f4 {[%clk
2:10:30]} a6 {[%clk 2:10:30]} 19. Rf2 {[%clk 2:10:30]} Rc7 {[%clk 2:10:30]} 20.
Qd3 {[%clk 2:10:30]} Rfc8 {[%clk 2:10:30]} 21. a4 {[%clk 2:10:30]} Bxb4 {[%clk
2:10:30]} 22. Rfc2 {[%clk 2:10:30]} Nxb2 {[%clk 2:10:30]} 23. Rxb2 {[%clk
2:10:30]} Rxc3 {[%clk 2:10:30]} 0-1

[Event "7th Arber Senior Cup"]
[Site "chess24.com"]
[Date "2019.07.27"]
[Round "1"]
[White "Latzel, Wolfgang"]
[Black "Warnecke, Jens"]
[Result "1-0"]
[Board "37"]
[WhiteElo "1881"]
[WhiteTeam "SK Landshut"]
[WhiteCountry "GER"]
[WhiteFideId "4662270"]
[WhiteEloChange "2"]
[BlackElo "1530"]
[BlackTeam "SC Weilerbach"]
[BlackCountry "GER"]
[BlackFideId "16273389"]
[BlackEloChange "-2"]

1. e4 {[%clk 2:10:30]} e5 {[%clk 2:10:30]} 2. Nc3 {[%clk 2:10:30]} Nc6 {[%clk
2:10:30]} 3. g3 {[%clk 2:10:30]} Nf6 {[%clk 2:10:30]} 4. Bg2 {[%clk 2:10:30]} b6
{[%clk 2:10:30]} 5. Nge2 {[%clk 2:10:30]} Bb7 {[%clk 2:10:30]} 6. d3 {[%clk
2:10:30]} Bb4 {[%clk 2:10:30]} 7. a3 {[%clk 2:10:30]} Bc5 {[%clk 2:10:30]} 8. h3
{[%clk 2:10:30]} h6 {[%clk 2:10:30]} 9. O-O {[%clk 2:10:30]} Ne7 {[%clk 2:10:30]}
10. b4 {[%clk 2:10:30]} Bd4 {[%clk 2:10:30]} 11. Nxd4 {[%clk 2:10:30]} exd4
{[%clk 2:10:30]} 12. Ne2 {[%clk 2:10:30]} c5 {[%clk 2:10:30]} 13. Rb1 {[%clk
2:10:30]} d5 {[%clk 2:10:30]} 14. e5 {[%clk 2:10:30]} Nd7 {[%clk 2:10:30]} 15.
bxc5 {[%clk 2:10:30]} Nxc5 {[%clk 2:10:30]} 16. Nxd4 {[%clk 2:10:30]} Nc6 {[%clk
2:10:30]} 17. Nxc6 {[%clk 2:10:30]} Bxc6 {[%clk 2:10:30]} 18. Qg4 {[%clk
2:10:30]} Ne6 {[%clk 2:10:30]} 19. f4 {[%clk 2:10:30]} h5 {[%clk 2:10:30]} 20.
Qd1 {[%clk 2:10:30]} Qe7 {[%clk 2:10:30]} 21. d4 {[%clk 2:10:30]} Rc8 {[%clk
2:10:30]} 22. f5 {[%clk 2:10:30]} Nc7 {[%clk 2:10:30]} 23. h4 {[%clk 2:10:30]}
Nb5 {[%clk 2:10:30]} 24. Qd3 {[%clk 2:10:30]} Nc7 {[%clk 2:10:30]} 25. Bg5 {[%clk
2:10:30]} Qf8 {[%clk 2:10:30]} 26. Bh3 {[%clk 2:10:30]} Rb8 {[%clk 2:10:30]} 27.
Bf4 {[%clk 2:10:30]} a6 {[%clk 2:10:30]} 28. Rfe1 {[%clk 2:10:30]} Nb5 {[%clk
2:10:30]} 29. a4 {[%clk 2:10:30]} Na3 {[%clk 2:10:30]} 30. Ra1 {[%clk 2:10:30]}
Nc4 {[%clk 2:10:30]} 31. e6 {[%clk 2:10:30]} Rb7 {[%clk 2:10:30]} 32. Qf1 {[%clk
2:10:30]} Qb4 {[%clk 2:10:30]} 33. exf7+ {[%clk 2:10:30]} Kxf7 {[%clk 2:10:30]}
34. f6 {[%clk 2:10:30]} Re8 {[%clk 2:10:30]} 35. fxg7 {[%clk 2:10:30]} Rxe1
{[%clk 2:10:30]} 36. Rxe1 {[%clk 2:10:30]} Nd2 {[%clk 2:10:30]} 37. Bxd2+ {[%clk
2:10:30]} 1-0